The Hatch Act and the American bureaucracy /

Bibliographic Details
Main Author: Eccles, James R.
Corporate Author: United States
Format: Book
Language:English
Published: New York : Vantage Press, [1981]
Edition:1st ed.
Subjects:

MARC

Tag First Indicator Second Indicator Subfields
LEADER 00000cam a2200000 a 4500
001 in00000087781
005 20151008063010.0
008 811105s1981 nyu b 00010 eng
010 |a  80052754  
020 |a 0533047781 :  |c $14.95 
035 |a (OCoLC)07975842 
035 |9 AAK1374AM 
039 0 |a 2  |b 3  |c 3  |d 3  |e 3 
040 |a DLC  |c DLC  |d TXA  |d UtOrBLW 
043 |a n-us--- 
049 |a TXAM  |c [1561823] 
050 0 0 |a KF5344 A313  |b  A163 
082 0 |a 342.73/0684  |a 347.302684  |2 19 
100 1 |a Eccles, James R. 
245 1 4 |a The Hatch Act and the American bureaucracy /  |c by James R. Eccles. 
250 |a 1st ed. 
264 1 |a New York :  |b Vantage Press,  |c [1981] 
264 4 |c ©1981 
300 |a xiii, 318 pages ;  |c 24 cm. 
336 |a text  |b txt  |2 rdacontent 
337 |a unmediated  |b n  |2 rdamedia 
338 |a volume  |b nc  |2 rdacarrier 
500 |a "Appendix I. The Hatch Act, August 2, 1939": pages 297-299. 
504 |a Bibliography: pages 302-304. 
610 1 0 |a United States.  |t Act to Prevent Pernicious Political Activities. 
650 0 |a Civil service  |z United States  |x Political activity. 
710 1 2 |a United States.  |t Act to Prevent Pernicious Political Activities.  |f 1981. 
999 |a MARS 
999 f f |s a91facd7-4435-3aaa-895b-35d28662bf43  |i af40d23b-6f24-3aca-8c83-aaae7ee675ef  |t 0 
952 f f |p normal  |a Texas A&M University  |b College Station  |c Sterling C. Evans Library  |d Evans: Library Stacks  |t 0  |e KF5344 A313 A163  |h Library of Congress classification  |i unmediated -- volume  |m A14805975192 
998 f f |a KF5344 A313 A163  |t 0  |l Evans: Library Stacks